000 00618nam a2200193Ia 4500
003 GCL
008 140319s9999 xx 000 0 ara d
040 _aGCL /
_cGCL
082 0 4 _a617.71
_bا ا
100 1 _aاسامة ابوخالد
245 1 0 _aامراض العين /
_cاسامة ابوخالد
260 _aالاردن :
_bمكتبة المجتمع العربى للنشر والتوزيع ،
_c2004
300 _a245 ص ؛
_c24 سم
650 0 4 _aالعين - امراض
650 0 4 _aالعين - تشريح
650 0 4 _aالعين - اورام
650 0 4 _aالعين - فحص
942 _2ddc
_cBK
999 _c38986
_d38986